Statystyki dla Godła państw Azji

Kliknij tutaj aby rozwiązać quiz!

Ogólne statystyki

  • Ten quiz został rozwiązany 152 razy
  • Średni wynik to 34 z 49

Statystyki odpowiedzi

Odpowiedź% Poprawnych
Liban
88%
Filipiny
86%
Katar
86%
Korea Południowa
84%
Afganistan
82%
Chiny
81%
Turcja
81%
Irak
80%
Iran
80%
Izrael
80%
Kazachstan
80%
Bahrajn
79%
Malediwy
79%
Singapur
79%
Timor Wschodni
77%
Egipt
76%
Indie
76%
Korea Północna
76%
Wietnam
76%
Syria
74%
Uzbekistan
73%
Rosja
72%
Arabia Saudyjska
71%
Nepal
71%
Japonia
70%
Jemen
69%
Kuwejt
69%
Mjanma
69%
Turkmenistan
69%
Sri Lanka
68%
Mongolia
67%
Pakistan
67%
Kirgistan
66%
Tajwan
66%
Azerbejdżan
63%
Brunei
63%
Gruzja
63%
Tadżykistan
60%
Bhutan
59%
Cypr
57%
Laos
57%
Armenia
56%
Jordania
56%
Malezja
54%
Oman
53%
Kambodża
47%
Tajlandia
43%
Bangladesz
41%
Indonezja
40%

Rozkład punktacji

Percentyl według liczby udzielonych odpowiedzi

Procent ludzi z każdym wynikiem

Twoja historia wyników

Nie rozwiązałeś tego quizu